| 000 | 00614cam a2200241 4500 | ||
|---|---|---|---|
| 008 | 090401t1990 xxu||||| |||| 00| 0 eng d | ||
| 020 | _a9519620303 | ||
| 035 | _a(Sirsi) u799 | ||
| 041 | _aeng | ||
| 050 | _a333.33 | ||
| 100 | _aHarmala, Seppo | ||
| 245 | _aExchange of surveying personnel. | ||
| 260 |
_aHelsinki _bFIG Bureau _c1990 |
||
| 300 | _a18p. ; 20cm. | ||
| 350 | _a0 | ||
| 490 |
_aFIG Publication _v1 |
||
| 650 | _aEXCHANGE OF PERSONNEL | ||
| 650 | _aSURVEYORS | ||
| 690 | _aPROFESSIONAL PRACTICE | ||
| 710 | _aFederation International Des Geometres | ||
| 942 | _n0 | ||
| 948 | _c04/03/1997 | ||
| 999 |
_c85593 _d85593 |
||